000
00298nam a22001337a 4500
008
181203b xxu||||| |||| 00| 0 eng d
020
_a
9781594770425
041
_a
eng
080
_a
530
100
_a
43
101
_a
FIZ
245
_a
Science and the Akashic Field
_c
Laszlo,E
942
_2
udc
_c
BK
999
_c
52728
_d
52728